[Event "BL2 Sued 1314 (Women)"]
[Site "Germany"]
[Date "2014.02.16"]
[Round "5.4"]
[White "Bohrmann, Sandra"]
[Black "Moritz, Cornelia"]
[Result "0-1"]
[WhiteElo "1680"]
[BlackElo "1852"]
[PlyCount "76"]
[EventDate "2013.11.30"]
[EventType "team-tourn"]
[EventRounds "7"]
[EventCountry "GER"]
[SourceTitle "EXT 2018"]
[Source "ChessBase"]
[SourceDate "2017.10.13"]
[SourceVersion "1"]
[SourceVersionDate "2017.10.13"]
[SourceQuality "1"]
[WhiteTeam "Mutterstadt (W)"]
[BlackTeam "Hofheim (W)"]
[WhiteTeamCountry "GER"]
[BlackTeamCountry "GER"]

1. e4 c5 2. c4 Nc6 3. Nc3 d6 4. g3 f5 5. d3 Nf6 6. Bg2 g6 7. Nge2 Bg7 8. 0-0 0-0 9. Rb1 fxe4 10. Nxe4 Nxe4 11. dxe4 Bg4 12. h3 Be6 13. b3 Qa5 14. a3 Nd4 15. Bb2 Nxe2+ 16. Qxe2 Rab8 17. a4 Bxb2 18. Qxb2 Qc7 19. Rbe1 h5 20. f4 Qd7 21. Kh2 a6 22. Qc2 b5 23. axb5 axb5 24. Qd3 bxc4 25. bxc4 Rb2 26. Re2 Rxe2 27. Qxe2 Qa4 28. Rc1 Qa3 29. Qc2 Qe3 30. Qb1 h4 31. Kh1 Qxg3 32. Rf1 Bxh3 33. Qc2 Qxg2+ 34. Qxg2 Bxg2+ 35. Kxg2 Kg7 36. Kf3 e5 37. Kg4 Rxf4+ 38. Rxf4 exf4 0-1

[Event "BL2 Sued 1314 (Women)"]
[Site "Germany"]
[Date "2014.01.26"]
[Round "3.4"]
[White "Wiesner, Paula"]
[Black "Bohrmann, Sandra"]
[Result "1-0"]
[WhiteElo "1855"]
[BlackElo "1680"]
[PlyCount "47"]
[EventDate "2013.11.30"]
[EventType "team-tourn"]
[EventRounds "7"]
[EventCountry "GER"]
[SourceTitle "EXT 2018"]
[Source "ChessBase"]
[SourceDate "2017.10.13"]
[SourceVersion "1"]
[SourceVersionDate "2017.10.13"]
[SourceQuality "1"]
[WhiteTeam "Karlsruhe (W)"]
[BlackTeam "Mutterstadt (W)"]
[WhiteTeamCountry "GER"]
[BlackTeamCountry "GER"]

1. d4 d5 2. c4 c6 3. Nf3 Nf6 4. Nc3 Bf5 5. Qb3 Bc8 6. Bf4 e6 7. e3 Nbd7 8. Bd3 Be7 9. 0-0 0-0 10. h3 Re8 11. Rad1 Nf8 12. e4 b6 13. Rfe1 Bb7 14. exd5 cxd5 15. c5 Rc8 16. Nb5 a6 17. Na7 Ra8 18. cxb6 Bd6 19. Ne5 N6d7 20. Nec6 Qxb6 21. Qxb6 Nxb6 22. Bxd6 Nc8 23. Nxc8 Rexc8 24. Ne7+ 1-0

[Event "BL2 Sued 1314 (Women)"]
[Site "Germany"]
[Date "2013.12.01"]
[Round "2.4"]
[White "Woniak, Katarzyna"]
[Black "Bohrmann, Sandra"]
[Result "1-0"]
[WhiteElo "1968"]
[BlackElo "1680"]
[PlyCount "51"]
[EventDate "2013.11.30"]
[EventType "team-tourn"]
[EventRounds "7"]
[EventCountry "GER"]
[SourceTitle "EXT 2018"]
[Source "ChessBase"]
[SourceDate "2017.10.13"]
[SourceVersion "1"]
[SourceVersionDate "2017.10.13"]
[SourceQuality "1"]
[WhiteTeam "Augsburg (W)"]
[BlackTeam "Mutterstadt (W)"]
[WhiteTeamCountry "GER"]
[BlackTeamCountry "GER"]

1. c4 e6 2. Nc3 d5 3. cxd5 exd5 4. d4 Nf6 5. Nf3 c6 6. Bg5 Be7 7. e3 Nbd7 8. Bd3 0-0 9. 0-0 Re8 10. Rc1 Nf8 11. Ne5 N6d7 12. Bf4 Nf6 13. a3 Bd6 14. Bb1 a6 15. b4 Ne6 16. Bg3 Nc7 17. Qd3 g6 18. Qd2 Nh5 19. f4 Ng7 20. e4 Bxe5 21. fxe5 Be6 22. exd5 Nxd5 23. Ne4 Rf8 24. Ba2 Ne8 25. Qh6 Ng7 26. Ng5 1-0

[Event "BL2 Sued 1112 (Women)"]
[Site "Germany"]
[Date "2012.02.12"]
[Round "7.4"]
[White "Zimmer, Ketsarrin"]
[Black "Bohrmann, Sandra"]
[Result "1-0"]
[WhiteElo "1767"]
[BlackElo "1702"]
[PlyCount "59"]
[EventDate "2011.10.29"]
[EventType "team-tourn"]
[EventRounds "7"]
[EventCountry "GER"]
[SourceTitle "EXT 2013"]
[Source "ChessBase"]
[SourceDate "2012.11.22"]
[SourceVersion "1"]
[SourceVersionDate "2012.11.22"]
[SourceQuality "1"]
[WhiteTeam "Mainz Orient (W)"]
[BlackTeam "Mutterstadt (W)"]
[WhiteTeamCountry "GER"]
[BlackTeamCountry "GER"]

1. e4 e5 2. Nc3 Bc5 3. Bc4 Nc6 4. d3 d6 5. Be3 Bb6 6. Nge2 Nf6 7. 0-0 Bg4 8. Bxb6 axb6 9. f3 Be6 10. Bb5 0-0 11. f4 Ng4 12. Qd2 exf4 13. Qxf4 Nce5 14. h3 Ng6 15. Qg3 Nf6 16. Nd4 Bd7 17. Bc4 Ne5 18. Bb3 Nh5 19. Qe3 Qh4 20. Nce2 c5 21. Nf3 Qe7 22. Nc3 Nf6 23. Nh4 Be6 24. Nf5 Bxf5 25. Rxf5 Ned7 26. Raf1 Rac8 27. Qg5 h6 28. Qg3 g6 29. Qxg6+ Kh8 30. Qxh6+ 1-0

[Event "BL2 Sued 1112 (Women)"]
[Site "Germany"]
[Date "2011.11.26"]
[Round "3.4"]
[White "Bader, Katharina"]
[Black "Bohrmann, Sandra"]
[Result "1-0"]
[WhiteElo "2111"]
[BlackElo "1702"]
[PlyCount "27"]
[EventDate "2011.10.29"]
[EventType "team-tourn"]
[EventRounds "7"]
[EventCountry "GER"]
[SourceTitle "EXT 2013"]
[Source "ChessBase"]
[SourceDate "2012.11.22"]
[SourceVersion "1"]
[SourceVersionDate "2012.11.22"]
[SourceQuality "1"]
[WhiteTeam "Deizisau (W)"]
[BlackTeam "Mutterstadt (W)"]
[WhiteTeamCountry "GER"]
[BlackTeamCountry "GER"]

1. e4 e5 2. Nf3 Nc6 3. d4 exd4 4. Nxd4 Bc5 5. Be3 Qf6 6. c3 Nge7 7. Bc4 Ne5 8. Bb3 N5g6 9. 0-0 Qb6 10. Nd2 0-0 11. Qh5 Qf6 12. Qxc5 Nc6 13. Nxc6 dxc6 14. Bg5 1-0

[Event "BL2 Sued 1112 (Women)"]
[Site "Germany"]
[Date "2011.10.30"]
[Round "2.4"]
[White "Bohrmann, Sandra"]
[Black "Metzner, Anita"]
[Result "1-0"]
[WhiteElo "1702"]
[BlackElo "1540"]
[PlyCount "65"]
[EventDate "2011.10.29"]
[EventType "team-tourn"]
[EventRounds "7"]
[EventCountry "GER"]
[SourceTitle "EXT 2013"]
[Source "ChessBase"]
[SourceDate "2012.11.22"]
[SourceVersion "1"]
[SourceVersionDate "2012.11.22"]
[SourceQuality "1"]
[WhiteTeam "Mutterstadt (W)"]
[BlackTeam "Neuperlach (W)"]
[WhiteTeamCountry "GER"]
[BlackTeamCountry "GER"]

1. e4 c6 2. d4 d5 3. exd5 cxd5 4. Bd3 Nf6 5. Nc3 Nc6 6. Nge2 Bg4 7. f3 Bh5 8. Bf4 a6 9. Qd2 e6 10. a3 Bd6 11. Qe3 0-0 12. 0-0 Re8 13. Qf2 Qc7 14. Qh4 Bxf4 15. Nxf4 Bg6 16. Bxg6 fxg6 17. Rad1 Qb6 18. Na4 Qb5 19. b3 e5 20. dxe5 Rxe5 21. Nd3 Re2 22. Rf2 Rxf2 23. Qxf2 Re8 24. Re1 Ne7 25. Qc5 Qd7 26. Nb6 Qd8 27. Nf4 d4 28. Ne6 Qb8 29. Nc7 Nc6 30. Nxe8 Nxe8 31. Qd5+ Kh8 32. Nd7 Nf6 33. Nxb8 1-0

[Event "GER-ch U16 Girls"]
[Site "Oberhof"]
[Date "2010.05.27"]
[Round "7"]
[White "Bohrmann, Sandra"]
[Black "Reck, Jessica"]
[Result "1-0"]
[WhiteElo "1563"]
[BlackElo "1296"]
[PlyCount "139"]
[EventDate "2010.05.22"]
[EventType "swiss"]
[EventRounds "9"]
[EventCountry "GER"]
[SourceTitle "CBM 136 Extra"]
[Source "ChessBase"]
[SourceDate "2010.07.02"]
[SourceVersion "2"]
[SourceVersionDate "2010.07.15"]
[SourceQuality "1"]

1. e4 e6 2. d4 d5 3. Nc3 dxe4 4. Nxe4 Nd7 5. Nf3 Ngf6 6. Ng3 c5 7. c3 Bd6 8. Bd3 h6 9. Be3 b6 10. 0-0 Bb7 11. Qc2 Qc7 12. Rfe1 0-0-0 13. Ne4 Nxe4 14. Bxe4 Bxe4 15. Qxe4 Nf6 16. Qd3 g5 17. g3 Qc6 18. Qa6+ Qb7 19. Qxb7+ Kxb7 20. dxc5 Bxc5 21. Nd4 Nd5 22. b4 Bxd4 23. Bxd4 Rhe8 24. Rac1 Nxb4 25. Bf6 Nd3 26. Bxd8 Nxe1 27. Rd1 Nf3+ 28. Kg2 Ne5 29. Bf6 Ng6 30. Rd7+ Kb8 31. Rxf7 Rf8 32. Be5+ Ka8 33. Rxf8+ Nxf8 34. Bg7 Nd7 35. Bxh6 g4 36. h3 Nf6 37. Bg7 gxh3+ 38. Kxh3 Ne4 39. f4 Kb8 40. Be5+ Kc8 41. g4 Kd7 42. g5 Ke8 43. Kh4 Kf7 44. Kh5 Ng3+ 45. Kh6 Nf5+ 46. Kh7 Ne7 47. c4 Ng6 48. Bd6 Nh4 49. a3 a6 50. a4 a5 51. Bc7 Ng6 52. Kh6 Ne7 53. Bxb6 Nc6 54. Kh7 e5 55. g6+ Ke6 56. g7 Ne7 57. fxe5 Kf7 58. c5 Ke6 59. c6 Kxe5 60. c7 Kd6 61. g8Q Nxg8 62. c8Q Nf6+ 63. Kg6 Nd7 64. Qc7+ Ke6 65. Bxa5 Ne5+ 66. Kg5 Nf7+ 67. Kf4 Nd6 68. Bb4 Nf7 69. Qxf7+ Kxf7 70. a5 1-0

[Event "GER-ch U16 Girls"]
[Site "Oberhof"]
[Date "2010.05.25"]
[Round "5"]
[White "Bohrmann, Sandra"]
[Black "Marx, Inge"]
[Result "1/2-1/2"]
[WhiteElo "1563"]
[BlackElo "1756"]
[PlyCount "73"]
[EventDate "2010.05.22"]
[EventType "swiss"]
[EventRounds "9"]
[EventCountry "GER"]
[SourceTitle "CBM 136 Extra"]
[Source "ChessBase"]
[SourceDate "2010.07.02"]
[SourceVersion "2"]
[SourceVersionDate "2010.07.15"]
[SourceQuality "1"]

1. e4 c6 2. d4 g6 3. Nc3 d5 4. exd5 cxd5 5. Be2 Bg7 6. h3 Nf6 7. Nf3 Nc6 8. Bf4 a6 9. 0-0 0-0 10. Re1 Bf5 11. a3 e6 12. Bd3 Bxd3 13. Qxd3 b5 14. Na2 Re8 15. c3 Nd7 16. Nb4 Qb6 17. Nxc6 Qxc6 18. Qd2 f6 19. Bh2 Nb6 20. b3 Rac8 21. Rac1 Qd7 22. Rc2 Qe7 23. Ra2 Rc6 24. Qe3 Qf8 25. Qd2 Bh6 26. Qd3 Rec8 27. Qe2 Qe7 28. Bg3 Kf7 29. a4 bxa4 30. bxa4 Rc4 31. a5 Na4 32. Rxa4 Rxa4 33. Qxa6 Rd8 34. Qb6 Bf8 35. Bh4 Qd7 36. Ne5+ fxe5 37. Bxd8 1/2-1/2

[Event "GER-ch U16 Girls"]
[Site "Oberhof"]
[Date "2010.05.24"]
[Round "3"]
[White "Bohrmann, Sandra"]
[Black "Lange, Anika"]
[Result "1-0"]
[WhiteElo "1563"]
[BlackElo "1356"]
[PlyCount "139"]
[EventDate "2010.05.22"]
[EventType "swiss"]
[EventRounds "9"]
[EventCountry "GER"]
[SourceTitle "CBM 136 Extra"]
[Source "ChessBase"]
[SourceDate "2010.07.02"]
[SourceVersion "2"]
[SourceVersionDate "2010.07.15"]
[SourceQuality "1"]

1. e4 c5 2. c4 Nc6 3. Nc3 g6 4. g3 Bg7 5. Nge2 e6 6. Bg2 b6 7. d3 Bb7 8. Nb5 d6 9. Bf4 e5 10. Be3 a6 11. Nbc3 Nge7 12. 0-0 0-0 13. Rb1 Rb8 14. Qd2 Nd4 15. b3 Nec6 16. f4 Nxe2+ 17. Nxe2 exf4 18. Nxf4 Ba8 19. Nd5 Nd4 20. Bg5 f6 21. Bh6 Bxd5 22. Bxg7 Kxg7 23. cxd5 a5 24. a3 Qc7 25. Kh1 Qd7 26. Qb2 Qc7 27. Bh3 Rb7 28. b4 axb4 29. axb4 Rfb8 30. Be6 Qe7 31. Bh3 Qc7 32. Qf2 Qe7 33. Rb2 Qf7 34. Qf4 Qe7 35. Bg2 Qd8 36. h4 h5 37. Bh3 Qe7 38. g4 hxg4 39. Qxg4 Kh7 40. Rg1 Rg8 41. h5 g5 42. Qg3 cxb4 43. Qf2 Qe5 44. Rxb4 b5 45. Qxd4 Qxd4 46. Rxd4 b4 47. Rb1 b3 48. Rc4 Ra8 49. Rcc1 Ra2 50. Rd1 Kh6 51. Bg4 Rc2 52. Kg1 b2 53. Rf1 Kg7 54. h6+ Kxh6 55. Rxf6+ Kg7 56. Rff1 Rb3 57. Bd1 Rcc3 58. Bxb3 Rxb3 59. Rfd1 Kf6 60. Rd2 Ke5 61. Rbxb2 Rc3 62. Rb6 Rc1+ 63. Kf2 g4 64. Kg3 Rg1+ 65. Rg2 Rd1 66. Kxg4 Rxd3 67. Re2 Ra3 68. Rb8 Ra4 69. Rd8 Rc4 70. Kg3 1-0

[Event "GER-ch Schools U18 Girls"]
[Site "Germany"]
[Date "2010.05.08"]
[Round "6.1"]
[White "Wisheckel, Lena"]
[Black "Bohrmann, Sandra"]
[Result "1-0"]
[WhiteElo "1775"]
[BlackElo "1563"]
[PlyCount "89"]
[EventDate "2010.05.07"]
[EventType "team-swiss"]
[EventRounds "7"]
[EventCountry "GER"]
[SourceTitle "EXT 2011"]
[Source "ChessBase"]
[SourceDate "2010.11.26"]
[SourceVersion "1"]
[SourceVersionDate "2010.11.26"]
[SourceQuality "1"]
[WhiteTeam "Karlstadt JSG (W)"]
[BlackTeam "Ludwigshafen (W)"]
[WhiteTeamCountry "GER"]
[BlackTeamCountry "GER"]

1. e4 e5 2. Nf3 Nc6 3. d4 exd4 4. Nxd4 Qh4 5. Nc3 Bb4 6. Be2 Qxe4 7. Ndb5 Bxc3+ 8. bxc3 Kd8 9. 0-0 Nge7 10. Re1 a6 11. Bf3 Qc4 12. Be2 Qd5 13. Nd4 Nxd4 14. cxd4 Nf5 15. Bb2 Nh4 16. Bf1 d6 17. Re3 b5 18. Qe2 Nf5 19. Re4 Bb7 20. f3 h5 21. a3 Bc6 22. Re1 Kc8 23. c3 g5 24. Qc2 Rf8 25. Rc1 Ra7 26. Qd2 Nh4 27. c4 bxc4 28. Bxc4 Qf5 29. d5 Bd7 30. Qf2 Ra8 31. Qc2 c5 32. dxc6 Bxc6 33. Be6+ fxe6 34. Qxc6+ Kd8 35. Qxd6+ Ke8 36. Rxe6+ Kf7 37. Rf6+ Qxf6 38. Qxf6+ Ke8 39. Qe6+ Kd8 40. Bf6+ Rxf6 41. Qxf6+ Kd7 42. Rd1+ Ke8 43. Re1+ Kd7 44. Re7+ Kd8 45. Qf8# 1-0

[Event "GER-chT DLM U20"]
[Site "Wismar"]
[Date "2009.10.03"]
[Round "6"]
[White "Kaulich, Philipp Theodor"]
[Black "Bohrmann, Sandra"]
[Result "1-0"]
[WhiteElo "1862"]
[BlackElo "1579"]
[PlyCount "37"]
[EventDate "2009.09.30"]
[EventType "team-swiss"]
[EventRounds "7"]
[EventCountry "GER"]
[SourceTitle "CBM 132 Extra"]
[Source "ChessBase"]
[SourceDate "2009.11.03"]
[SourceVersion "1"]
[SourceVersionDate "2009.11.03"]
[SourceQuality "1"]
[WhiteTeam "Wuerttemberg U20"]
[BlackTeam "Rheinland Pfalz U20"]
[WhiteTeamCountry "GER"]
[BlackTeamCountry "GER"]

1. e4 e5 2. f4 exf4 3. Nf3 g5 4. Bc4 Nc6 5. 0-0 Bg7 6. d4 Qf6 7. e5 Qe7 8. Nc3 Qd8 9. g3 Nge7 10. Nxg5 0-0 11. Qh5 h6 12. Nxf7 Rxf7 13. Bxf7+ Kh8 14. Bxf4 Ng8 15. Bxg8 Kxg8 16. Bxh6 Bxh6 17. Qxh6 Qe7 18. Qg6+ Kh8 19. Rf7 1-0

[Event "GER-chT DLM U20"]
[Site "Wismar"]
[Date "2009.10.01"]
[Round "3"]
[White "Zahn, Alina"]
[Black "Bohrmann, Sandra"]
[Result "1-0"]
[WhiteElo "1583"]
[BlackElo "1579"]
[PlyCount "73"]
[EventDate "2009.09.30"]
[EventType "team-swiss"]
[EventRounds "7"]
[EventCountry "GER"]
[SourceTitle "CBM 132 Extra"]
[Source "ChessBase"]
[SourceDate "2009.11.03"]
[SourceVersion "1"]
[SourceVersionDate "2009.11.03"]
[SourceQuality "1"]
[WhiteTeam "Thueringen U20"]
[BlackTeam "Rheinland Pfalz U20"]
[WhiteTeamCountry "GER"]
[BlackTeamCountry "GER"]

1. e4 e5 2. Nf3 Nc6 3. Bc4 Bc5 4. c3 Nf6 5. d3 d6 6. Bb3 0-0 7. Bg5 Bg4 8. h3 Bd7 9. Nbd2 Qe7 10. Qe2 b5 11. Nf1 Nd8 12. Ne3 Be6 13. Ng4 Kh8 14. Nh4 Bxb3 15. Nf5 Qe6 16. axb3 Ne8 17. b4 Bb6 18. h4 Nc6 19. h5 a5 20. h6 g6 21. Ng7 Qc8 22. Nxe8 Rxe8 23. Bf6+ Kg8 24. Bg7 f5 25. Nf6+ Kf7 26. Nxe8 Kxe8 27. exf5 Qxf5 28. Rh3 Kd7 29. Rf3 Qg5 30. Qe4 Re8 31. Qd5 Qxg2 32. Rf7+ Ne7 33. Qxg2 a4 34. Bf6 Ke6 35. Rxe7+ Rxe7 36. Bxe7 Kxe7 37. b3 1-0

[Event "GER-chT DLM U20"]
[Site "Wismar"]
[Date "2009.09.30"]
[Round "1"]
[White "Richter, Janina"]
[Black "Bohrmann, Sandra"]
[Result "1/2-1/2"]
[WhiteElo "1161"]
[BlackElo "1579"]
[PlyCount "88"]
[EventDate "2009.09.30"]
[EventType "team-swiss"]
[EventRounds "7"]
[EventCountry "GER"]
[SourceTitle "CBM 132 Extra"]
[Source "ChessBase"]
[SourceDate "2009.11.03"]
[SourceVersion "1"]
[SourceVersionDate "2009.11.03"]
[SourceQuality "1"]
[WhiteTeam "Mecklenburg-Vorpommern U20 II"]
[BlackTeam "Rheinland Pfalz U20"]
[WhiteTeamCountry "GER"]
[BlackTeamCountry "GER"]

1. e4 e5 2. Bc4 Nf6 3. d3 Bc5 4. Nc3 d6 5. Bg5 Be6 6. Bb3 Nc6 7. Nd5 Bxd5 8. Bxd5 Qe7 9. Bxc6+ bxc6 10. Qf3 Qe6 11. Bxf6 Qxf6 12. Qxf6 gxf6 13. Ne2 Rb8 14. Rb1 d5 15. 0-0 Rg8 16. Kh1 Kd7 17. f4 Ke6 18. f5+ Kd7 19. Ng3 Rg5 20. Ne2 Rbg8 21. g3 h5 22. Rbd1 h4 23. Kg2 hxg3 24. hxg3 Kd6 25. Kf3 Rh5 26. Rh1 Rgh8 27. Rxh5 Rxh5 28. Kg2 Rg5 29. Rh1 Rg8 30. Rh6 Ke7 31. Kf3 Rd8 32. g4 dxe4+ 33. Kxe4 Rd6 34. Rh8 Rd8 35. Rxd8 Kxd8 36. Nc1 Ke7 37. Nb3 Kd6 38. Nd2 Bb6 39. Nf1 a6 40. Ng3 a5 41. a4 Bf2 42. Nh5 Ke7 43. c3 Bc5 44. Kf3 Bd6 1/2-1/2

[Event "Ludwigshafen-ch 21st"]
[Site "Ludwigshafen"]
[Date "2007.08.30"]
[Round "3"]
[White "Bohrmann, Sandra"]
[Black "Kaemmer, Rolf"]
[Result "0-1"]
[WhiteElo "1306"]
[BlackElo "977"]
[PlyCount "98"]
[EventDate "2007.08.25"]
[EventType "swiss"]
[EventRounds "7"]
[EventCountry "GER"]
[SourceTitle "EXT 2008"]
[Source "ChessBase"]
[SourceDate "2007.11.25"]
[SourceVersion "1"]
[SourceVersionDate "2007.11.25"]
[SourceQuality "1"]

1. e4 e5 2. Nf3 Nc6 3. d4 d6 4. Bb5 Bd7 5. dxe5 dxe5 6. 0-0 Nf6 7. Bg5 Be7 8. Nc3 a6 9. Bc4 0-0 10. Bh4 Qe8 11. Nd2 Nxe4 12. Ndxe4 Bxh4 13. Qh5 Bd8 14. f4 Be6 15. Bd3 h6 16. fxe5 Qe7 17. Rf4 Bd7 18. Bc4 Nxe5 19. Bb3 c6 20. Raf1 Bc7 21. Kh1 Be8 22. R4f2 Kh8 23. h4 f6 24. Qe2 Bf7 25. Bxf7 Rxf7 26. Na4 f5 27. Qh5 g6 28. Qe2 Qxh4+ 29. Kg1 Ng4 30. g3 Bxg3 31. Nxg3 Qxg3+ 32. Rg2 Qe3+ 33. Rff2 Qxe2 34. Rxe2 Rd8 35. Re1 Rfd7 36. Nc3 Rd2 37. Rxd2 Rxd2 38. Rc1 Rh2 39. Rd1 f4 40. Ne4 f3 41. Rd8+ Kg7 42. Rd2 Rxd2 43. Nxd2 f2+ 44. Kg2 Kf6 45. Ne4+ Kf5 46. Ng3+ Kf4 47. Ne2+ Ke3 48. Kf1 Nh2+ 49. Kg2 Kxe2 0-1

[Event "GER-ch U12"]
[Site "Willingen"]
[Date "2006.06.09"]
[Round "11"]
[White "Bohrmann, Sandra"]
[Black "Kneip, Jakob"]
[Result "0-1"]
[WhiteElo "1110"]
[BlackElo "1204"]
[PlyCount "112"]
[EventDate "2006.06.03"]
[EventType "swiss"]
[EventRounds "11"]
[EventCountry "GER"]
[SourceTitle "EXT 2007"]
[Source "ChessBase"]
[SourceDate "2006.11.23"]
[SourceVersion "1"]
[SourceVersionDate "2006.11.23"]
[SourceQuality "1"]

1. e4 c5 2. Nc3 Nc6 3. Bc4 Nf6 4. Nf3 g6 5. d3 Bg7 6. 0-0 0-0 7. Bf4 d6 8. h3 Bd7 9. Re1 Qc7 10. Ng5 Na5 11. Bd5 Bc6 12. Bxc6 Nxc6 13. Nf3 Qb6 14. Rb1 Rfe8 15. e5 Nh5 16. Nd5 Qd8 17. exd6 Nxf4 18. Nxf4 Qxd6 19. Ne2 Rad8 20. Nc3 Nb4 21. a3 Nd5 22. Ne4 Qc6 23. c3 Nf6 24. Ng3 Bh6 25. d4 cxd4 26. cxd4 Qb6 27. Qa4 Bg7 28. Ng5 Rxd4 29. Qc2 Rd7 30. Qc4 e6 31. b4 Nd5 32. Rbd1 Rc7 33. Qh4 h6 34. Nf3 Kh7 35. Ng5+ Kg8 36. N5e4 Rec8 37. Qg4 f5 38. Qxg6 fxe4 39. Nxe4 e5 40. Qg3 Nf4 41. Nc5 Qg6 42. Qb3+ Qf7 43. Qf3 b6 44. Ne4 Rf8 45. Nd6 Qe6 46. Re4 Ng6 47. Qg3 Rd7 48. Qd3 Rfd8 49. Qc3 Rxd6 50. Rxd6 Rxd6 51. Re1 Bf6 52. Qc2 Bg5 53. Qc7 Qd7 54. Qb8+ Kg7 55. Kh2 Qe7 56. g3 Rd8 0-1

[Event "GER-ch U12"]
[Site "Willingen"]
[Date "2006.06.09"]
[Round "10"]
[White "Rosenfeld, Elisabeth"]
[Black "Bohrmann, Sandra"]
[Result "1-0"]
[WhiteElo "1271"]
[BlackElo "1110"]
[PlyCount "79"]
[EventDate "2006.06.03"]
[EventType "swiss"]
[EventRounds "11"]
[EventCountry "GER"]
[SourceTitle "EXT 2007"]
[Source "ChessBase"]
[SourceDate "2006.11.23"]
[SourceVersion "1"]
[SourceVersionDate "2006.11.23"]
[SourceQuality "1"]

1. e4 e5 2. Nf3 Nc6 3. Bc4 Bc5 4. c3 Nf6 5. Qc2 0-0 6. d3 d6 7. Be3 Bb6 8. d4 exd4 9. cxd4 Re8 10. Nc3 Ba5 11. Bg5 Bg4 12. Qb3 Bxf3 13. Bxf7+ Kf8 14. Bxe8 Kxe8 15. Bxf6 gxf6 16. Qg8+ Kd7 17. Qxh7+ Ke8 18. Qg8+ Kd7 19. Qxd8+ Rxd8 20. gxf3 Nxd4 21. Rc1 Nxf3+ 22. Ke2 Ng5 23. Ke3 Bxc3 24. Rxc3 Re8 25. f3 d5 26. h4 Nf7 27. h5 dxe4 28. fxe4 f5 29. Rd1+ Kc8 30. Rc4 Ng5 31. Kf4 Nxe4 32. Kxf5 Ng3+ 33. Kg4 Rg8+ 34. Kh3 Nxh5 35. Rg4 Rh8 36. Rh4 c6 37. Kg4 Nf6+ 38. Kg5 Nh7+ 39. Kf5 Kc7 40. Rdh1 1-0

[Event "GER-ch U12"]
[Site "Willingen"]
[Date "2006.06.07"]
[Round "7"]
[White "Bohrmann, Sandra"]
[Black "Rieping, Heiner"]
[Result "0-1"]
[WhiteElo "1110"]
[BlackElo "1591"]
[PlyCount "38"]
[EventDate "2006.06.03"]
[EventType "swiss"]
[EventRounds "11"]
[EventCountry "GER"]
[SourceTitle "EXT 2007"]
[Source "ChessBase"]
[SourceDate "2006.11.23"]
[SourceVersion "1"]
[SourceVersionDate "2006.11.23"]
[SourceQuality "1"]

1. e4 d5 2. exd5 Qxd5 3. Nc3 Qa5 4. Nf3 Nf6 5. Bc4 Bg4 6. d3 Nc6 7. Be3 0-0-0 8. 0-0 Ne5 9. h3 Bxf3 10. gxf3 Nxc4 11. Bf4 Qh5 12. Kh2 e5 13. Bg3 Nd6 14. Re1 Re8 15. Re3 Nf5 16. Rxe5 Rxe5 17. Bxe5 Nh4 18. Bg3 Nxf3+ 19. Kh1 Qxh3+ 0-1

[Event "Pfalz-ch 75th"]
[Site "Kaiserslautern"]
[Date "2006.04.14"]
[Round "6"]
[White "Bohrmann, Sandra"]
[Black "Spittler, Harry"]
[Result "1-0"]
[WhiteElo "1169"]
[BlackElo "1182"]
[PlyCount "93"]
[EventDate "2006.04.07"]
[EventType "swiss"]
[EventRounds "7"]
[EventCountry "GER"]
[SourceTitle "EXT 2007"]
[Source "ChessBase"]
[SourceDate "2006.11.23"]
[SourceVersion "1"]
[SourceVersionDate "2006.11.23"]
[SourceQuality "1"]

1. e4 e5 2. Nf3 Nc6 3. d4 d6 4. Bc4 Bg4 5. Be3 Be7 6. 0-0 Nf6 7. Nc3 a6 8. h3 Bh5 9. Re1 Bg6 10. Bg5 0-0 11. Bh4 Bh5 12. g4 Nxg4 13. Bxe7 Qxe7 14. hxg4 Bxg4 15. Nd5 Qd7 16. c3 f5 17. Nb6+ d5 18. Nxd7 dxc4 19. Nxf8 Rxf8 20. Qa4 Bxf3 21. Qxc4+ Kh8 22. exf5 Rxf5 23. Qe6 Rf8 24. dxe5 Nd8 25. Qe7 Rg8 26. Rad1 Bxd1 27. Rxd1 Nc6 28. Qxc7 h6 29. Qxb7 Nxe5 30. Qxa6 Rb8 31. Qd6 Nf3+ 32. Kh1 Rxb2 33. Qd8+ Kh7 34. Qd3+ Kh8 35. Qxf3 Rb8 36. a4 Kg8 37. a5 Rf8 38. Qd5+ Kh8 39. Qd8 Kg8 40. Qxf8+ Kxf8 41. a6 Kg8 42. a7 Kh7 43. a8Q h5 44. Qe4+ g6 45. Rd7+ Kh6 46. Qf4+ g5 47. Qf6# 1-0